000 00377nam a2200169Ia 4500
001 26189
003 IN-NITTTR
005 20251114233330.0
008 251113s9999||||xx |||||||||||||| ||eng||
040 _beng
040 _cIN-NITTTR
041 _aeng
082 _a572.8 M712
100 _aTurner, P. C.
245 0 _aMolecular biology. /
_cTurner, P. C.
942 _2ddc
_cBK
999 _c28818
_d28818